Informe de gestión 2008 y desafíos 2009
Αποθηκεύτηκε σε:
| Συγγραφή απο Οργανισμό/Αρχή: | |
|---|---|
| Μορφή: | Βιβλίο |
| Γλώσσα: | Ισπανικά |
| Έκδοση: |
Santiago
COCHILCO
2009
|
| Έκδοση: | 1a. ed |
| Θέματα: | |
| Ετικέτες: |
Προσθήκη ετικέτας
Δεν υπάρχουν, Καταχωρήστε ετικέτα πρώτοι!
|
MARC
| LEADER | 00000nam a2200000 a 4500 | ||
|---|---|---|---|
| 001 | UCH3195 | ||
| 003 | CL-VaPUC | ||
| 008 | 090715e20090600CL |||||||||||||||||spa|d | ||
| 020 | |a 9789568242114 | ||
| 082 | 0 | 4 | |a 338.2 |b COC |2 21 |
| 110 | 2 | |a Comisión Chilena del Cobre |e author |9 538430 | |
| 245 | 1 | 0 | |a Informe de gestión 2008 y desafíos 2009 |
| 250 | |a 1a. ed | ||
| 300 | |a 41 p | ||
| 942 | |c BK | ||
| 945 | |d 20090715 00:00:00 |a dcastane | ||
| 260 | |a Santiago |b COCHILCO |c 2009 | ||
| 650 | 7 | |a ESTADOS FINANCIEROS |2 CL-VaPUC |9 538431 | |
| 650 | 0 | |a Industria minera |9 260256 | |
| 650 | 0 | |a Producción de cobre |9 435355 | |
| 650 | 7 | |a PRODUCCION MINERA |2 CL-VaPUC |9 469561 | |
| 650 | 0 | |a Desarrollo sustentable |9 333905 | |
| 583 | |a last modification |c 20090715 00:00:00 |k Rodrigo Vera | ||
| 999 | |c 334819 |d 334817 | ||
| 952 | |0 0 |1 0 |4 0 |6 338_200000000000000_COC_2009 |7 0 |8 A |9 424046 |a BIBGIM |b BIBGIM |d 2019-11-22 |i 4571819 |l 1 |o 338.2 COC 2009 |p 4571819 |r 2025-01-15 |s 2024-05-16 |w 2019-11-22 |y BK |k GIM | ||